Lettere a me stessa : Dopo la mia prima volta /

Kabi prova a dare una svolta alla sua vita, cercando di andare a vivere da sola e di recuperare il rapporto complicato con i suoi genitori, protagonisti inconsapevoli del suo report autobiografico. Le sfide sono difficili e l'esito reso incerto dalle patologiche insicurezze della protagonista. In un...

Celý popis

Uloženo v:
Podrobná bibliografie
Hlavní autor: Nagata, Kabi, (1987- ) (Autor)
Další autoři: Spiga, Carlotta (Překladatel)
Médium: Kniha
Jazyk:italština
Vydáno: Milano : BD, [2020]
Edice:J-pop
Tagy: Přidat tag
Žádné tagy, Buďte první, kdo vytvoří štítek k tomuto záznamu!

MARC

LEADER 00000nam a22000007i 4500
001 IT\ICCU\UBO\4495551
003 ItRI
005 20260115232059.0
008 201215s2020 it |||||| ||||| |||||c
020 |a 9788834901304 
040 |b ita  |c importazione bologna sebina 
041 7 |a ita  |2 ISO-639-2 
100 1 |a Nagata, Kabi,  |d  (1987- )  |0 IT\ICCU\TO1V\003369  |4 aut 
240 1 0 |a Lettere a me stessa  |3 IT\ICCU\UBO\4495548 
245 1 0 |a Lettere a me stessa :  |b Dopo la mia prima volta /  |c Kabi Nagata ; traduzione di Carlotta Spiga. 
260 |a Milano :  |b BD,  |c [2020] 
300 |a 1 v. :  |b fumetti ;  |c 21 cm. 
520 |a Kabi prova a dare una svolta alla sua vita, cercando di andare a vivere da sola e di recuperare il rapporto complicato con i suoi genitori, protagonisti inconsapevoli del suo report autobiografico. Le sfide sono difficili e l'esito reso incerto dalle patologiche insicurezze della protagonista. In un momento del genere, una soluzione può essere quella di cercare aiuto dall'unica persona che può capire veramente in un dialogo serrato con se stesso. L'autrice ci racconta le sue battaglie quotidiane con disarmante sincerità: la depressione, gli effetti della fama, le sfumature della solitudine e, soprattutto, l'importanza di accettarsi. 
700 1 |a Spiga, Carlotta  |0 IT\ICCU\VIAV\154165  |4 trl 
830 0 |a J-pop  |0 IT\ICCU\ANA\0493938 
942 |2 ddc  |c BK  |n 0 
952 |0 0  |1 0  |4 0  |6 F_741_595000000000000_NAG  |7 0  |9 19692  |a BO  |b BO  |d 2026-01-15  |i 19445  |l 0  |o F 741.595 NAG  |p BO19445  |r 2026-01-15 23:20:59  |w 2026-01-15  |x [Sebina 5] [1 v.]  |y BK  |z 1 v. 
999 |c 16790  |d 16790